Statistiques concernant Top 100 DJ 2018

Cliquez ici pour prendre le quiz!

Statistiques générales

  • Ce quiz a été pris 28 fois
  • Le résultat moyen est 15 sur 100

Statistiques - réponses

Position DJ % Correct
5David Guetta
92%
15Avicii
76%
24DJ Snake
60%
1Martin Garrix
60%
90Andy C
56%
6Tiesto
48%
84DJ L
44%
68Mariana Bo
44%
3Hardwell
44%
40Calvin harris
44%
2Dimitri Vegas & Like Mike
40%
14W&W
32%
4Armin Van Buuren
32%
21Skrillex
28%
10Marshmello
24%
8Afrojack
24%
92Lucas & Steve
24%
11Steve Aoki
24%
33Timmy Trumpet
20%
27Nervo
20%
53Carl Cox
20%
41Axwell Ingrosso
20%
36Alan Walker
20%
32Kygo
20%
18KSHMR
16%
42Diplo
16%
12R3hab
16%
63Swedish House Mafia
16%
7Don Diablo
16%
31The Chainsmokers
16%
13Alok
12%
70Brennan Heart
12%
16DVBBS
12%
45Alesso
12%
37Blasterjaxx
12%
9Oliver Heldens
12%
30Bassjackers
12%
60Robin Schulz
12%
34Vini Vici
12%
59Deadmau5
12%
61Richie Hawtin
8%
64Jay Hardway
8%
55Paul Van Dyk
8%
54Martin Jensen
8%
48Cat Dealers
8%
69Radical redemption
8%
58Steve Angello
8%
44Zedd
8%
22Fedde le Grand
8%
81Mosimann
8%
29Angerfist
8%
28Headhunterz
8%
26Vinai
8%
76Da Tweekaz
8%
47Yellow Claw
8%
80Daddy's Groove
8%
75Ferry Corsten
8%
17Lost frequencies
8%
43Nicky Romero
8%
19Vintage Culture
8%
83NGHTMRE
4%
86Marco Carola
4%
85Wildstylez
4%
82Tchami
4%
95Paul Kalkbrenner
4%
97Nina Kraviz
4%
96Alison Wonderland
4%
98Rave Republic
4%
99Carl Nunes
4%
100Slander
4%
79Adam Beyer
4%
94Bobina
4%
88MarLo
4%
89Deorro
4%
91Solomun
4%
93Markus Schulz
4%
87Cedric Gervais
4%
50Diego Miranda
4%
46Tujamo
4%
49ATB
4%
51Above & Beyond
4%
52Jeffrey Sutorius
4%
39KURA
4%
38Danny Avila
4%
20Eric Prydz
4%
23Ummet Ozcan
4%
25Quintino
4%
35Wolfpack
4%
56Will Sparks
4%
57Claptone
4%
72MATTN
4%
73Carta
4%
74Aly & Fila
4%
77Breathe Carolina
4%
71Swanky Tunes
4%
67Andrew Rayel
4%
62Florian Picasso
4%
65Miss K8
4%
66Mike Williams
4%
78Deniz Koyu
4%

Distribution des résultats

Percentile by Number Answered

% des personnes avec chaque résultat

Votre développement - résultats

Vous n’avez pas pris ce quiz